[Event "Torun op"]
[Site "Torun"]
[Date "2002.??.??"]
[Round "3"]
[White "Labun, Kornel"]
[Black "Janiszewski, Karol"]
[Result "0-1"]
[WhiteElo "1600"]
[BlackElo "1800"]
[PlyCount "60"]
[EventDate "2002.??.??"]
[EventType "swiss"]
[EventRounds "9"]
[EventCountry "POL"]
[SourceTitle "EXT 2007"]
[Source "ChessBase"]
[SourceDate "2006.11.23"]
[SourceVersion "1"]
[SourceVersionDate "2006.11.23"]
[SourceQuality "1"]

1. e4 e6 2. d4 d5 3. Nc3 Bb4 4. Bd2 Nf6 5. exd5 exd5 6. a3 Bd6 7. Bd3 0-0 8. Nge2 Bg4 9. f3 Bh5 10. Ng3 Re8+ 11. Nce2 Bg6 12. Bxg6 fxg6 13. 0-0 Nbd7 14. c3 c6 15. Qc2 Nb6 16. Bf4 Nc4 17. Bd2 Qc7 18. Rae1 Re6 19. Qc1 Nxd2 20. Qxd2 Rae8 21. f4 Ne4 22. Nxe4 Rxe4 23. g3 Qe7 24. Kf2 Qe6 25. Ng1 Qg4 26. Rxe4 Rxe4 27. Re1 Qf5 28. Qd3 Rxf4+ 29. Ke2 Rf2+ 30. Ke3 Qxd3+ 0-1

[Event "Torun op"]
[Site "Torun"]
[Date "2002.??.??"]
[Round "5"]
[White "Murawski, Wieslaw"]
[Black "Janiszewski, Karol"]
[Result "1-0"]
[WhiteElo "1800"]
[BlackElo "1800"]
[PlyCount "85"]
[EventDate "2002.??.??"]
[EventType "swiss"]
[EventRounds "9"]
[EventCountry "POL"]
[SourceTitle "EXT 2007"]
[Source "ChessBase"]
[SourceDate "2006.11.23"]
[SourceVersion "1"]
[SourceVersionDate "2006.11.23"]
[SourceQuality "1"]

1. e4 e6 2. d4 d5 3. Nd2 c5 4. c3 Nc6 5. Ngf3 Nf6 6. exd5 exd5 7. dxc5 Bxc5 8. Nb3 Bd6 9. Bg5 Be6 10. Bd3 0-0 11. 0-0 h6 12. Bh4 Ne5 13. Nxe5 Bxe5 14. f4 Bd6 15. Qf3 Be7 16. f5 Bc8 17. Rad1 b6 18. Bxf6 Bxf6 19. Bc4 Bb7 20. Bxd5 Bxd5 21. Rxd5 Qe7 22. Rfd1 Rad8 23. Rxd8 Rxd8 24. Rxd8+ Qxd8 25. h3 Qe8 26. Kf2 Kf8 27. Nd2 Qa4 28. Qa8+ Ke7 29. Qe4+ Qxe4 30. Nxe4 Be5 31. b3 g6 32. g4 gxf5 33. gxf5 Kd7 34. Ke3 Kc6 35. c4 b5 36. Kd3 a6 37. Nf2 Bg3 38. Ng4 Bf4 39. Ke4 Bg5 40. Ne5+ Kc5 41. Nxf7 Be7 42. cxb5 Kxb5 43. Nxh6 1-0

[Event "Torun op"]
[Site "Torun"]
[Date "2002.??.??"]
[Round "7"]
[White "Wrzesinski, Pawel"]
[Black "Janiszewski, Karol"]
[Result "1/2-1/2"]
[WhiteElo "1800"]
[BlackElo "1800"]
[PlyCount "69"]
[EventDate "2002.??.??"]
[EventType "swiss"]
[EventRounds "9"]
[EventCountry "POL"]
[SourceTitle "EXT 2007"]
[Source "ChessBase"]
[SourceDate "2006.11.23"]
[SourceVersion "1"]
[SourceVersionDate "2006.11.23"]
[SourceQuality "1"]

1. e4 e6 2. d4 d5 3. exd5 exd5 4. Bd3 Bd6 5. Ne2 Bg4 6. f3 Be6 7. Bf4 Be7 8. 0-0 Nf6 9. Nd2 Nbd7 10. c3 Nh5 11. Qc2 Nxf4 12. Nxf4 Nf6 13. Nxe6 fxe6 14. Rae1 Qd7 15. f4 g6 16. Nf3 0-0-0 17. Qe2 Nh5 18. Ne5 Qe8 19. Nxg6 hxg6 20. Qxe6+ Rd7 21. Bxg6 Qd8 22. Bf5 Ng7 23. Qxd7+ Qxd7 24. Bxd7+ Kxd7 25. Re5 c6 26. f5 Bd6 27. Re3 Bxh2+ 28. Kf2 Nxf5 29. Rf3 Nd6 30. g3 Ne4+ 31. Kg2 Bxg3 32. Rxg3 Nxg3 33. Kxg3 Re8 34. Rf7+ Kc8 35. Kf2 1/2-1/2